Countries on 30 degrees longitude Quiz Stats

 Plays Quiz not verified by Sporcle

Challenge
Share
Tweet
Embed
Score 0/17 Timer 03:00
0 Plays Today
Country % Correct
Russia
94.8%
Egypt
87.8%
Turkey
87%
South Africa
85.4%
Ukraine
84.4%
Finland
83%
Sudan
82.4%
Belarus
79.8%
Norway
79.2%
Country % Correct
Zimbabwe
76.4%
Rwanda
75.6%
Uganda
74.9%
Tanzania
73.9%
Zambia
73.7%
Democratic Republic of the Congo
71.5%
Burundi
70.3%
Moldova
68.5%

You're not logged in!

Compare scores with friends on all Sporcle quizzes.
OR
Log In

You Might Also Like...

Show Comments

Extras

Top Quizzes Today


Score Distribution

Your Account Isn't Verified!

In order to create a playlist on Sporcle, you need to verify the email address you used during registration. Go to your Sporcle Settings to finish the process.

Report this User

Report this user for behavior that violates our Community Guidelines.

Details: